Land utilization program (Record no. 499086)

000 -LEADER
fixed length control field 00361cam a22001097a 4500
008 - FIXED-LENGTH DATA ELEMENTS--GENERAL INFORMATION
fixed length control field 180718b xxu||||| |||| 00| 0 eng d
082 ## - DEWEY DECIMAL CLASSIFICATION NUMBER
Classification number Y11x73 UN3/1934-64
245 ## - TITLE STATEMENT
Title Land utilization program
Statement of responsibility, etc. by Department of Agriculture, United States
260 ## - PUBLICATION, DISTRIBUTION, ETC.
Place of publication, distribution, etc. Washington
Name of publisher, distributor, etc. Government Printing Office
Date of publication, distribution, etc.
300 ## - PHYSICAL DESCRIPTION
Extent 85p.
700 ## - ADDED ENTRY--PERSONAL NAME
Personal name United States. Department of Agriculture
Holdings
Withdrawn status Lost status Damaged status Not for loan Permanent Location Current Location Date acquired Full call number Barcode Date last seen Price effective from Koha item type
        Indian Institute of Public Administration Indian Institute of Public Administration 2018-08-04 Y11x73 UN3/1934-64 G7139 2018-08-04 2018-08-04 G

Powered by Koha